Responses for show #3654 - Thursday, June 22, 2000

Contestants

[<< previous game]

Carl Goldman, a funeral director from Peabody, Massachusetts

Cindy Wolfson Ciullo, a vintage clothing store owner from Perth Amboy, New Jersey

Michele Harvey, a software engineer from Centreville, Virginia (whose 1-day cash winnings total $10,800)

[next game >>]

Jeopardy! Round responses

HISTORY
ORGANIZATIONS
TV MOMS
(Alex: We'll name the kids, you have to identify the TV mom; you can give us the character's name or the star's name.)
LONDON LANDMARKS
20th CENTURY PEOPLE
THE BIG "BANG"
    $100 11
Mississippi River

Michele
    $100 19
Indianapolis

Michele
    $100 1
Samantha Stevens/Elizabeth Montgomery

Michele
    $100 26
Buckingham Palace

Carl
    $100 16
Henry Kissinger

Cindy
    $100 4
"Chitty Chitty Bang Bang"

Michele
    $200 12
Delhi

Michele
    $200 22
Bridge

Carl
    $200 2
Shirley Partridge/Shirley Jones

Michele
    $200 27
Tower of London

Cindy
    $200 17
Flo Ziegfeld

Carl
    $200 7
Bangles

Cindy
    $300 13
the Counter-Reformation

Triple Stumper
    $300 23
(Carl: What is the Red Cross?)

CARE

MicheleCarl
    $300 3
Jamie Buchman/Helen Hunt

Carl
    $300 28
Westminster Abbey

Michele
    $300 20
V.I. Lenin

Michele
    $300 8
Bangor, Maine

Michele
    $400 14
Costa Rica

Triple Stumper
    $400 24
(with about a minute to go...)

The United Way

Michele
    $400 5
Roseanne Connor/Roseanne Barr

Cindy
    $400 29
the Millennium

Michele
    $400 21
Manfred von Richthofen ("The Red Baron")

Carl
    $400 9
Bangkok

Michele
    $500 15
(M: Who is Alexander the Great?)
(Cindy: Who is Darius?)

Herod the Great

MicheleCindy
Triple Stumper
    $1,000 25
(M: What is the Rock & Roll Hall of Fame?)

AARP (American Association of Retired Persons)

Michele
    $500 6
Marion Cunningham/Marion Ross

Carl
    $500 30
The Strand

Triple Stumper
    $500 18
Enrico Caruso

Michele
    $500 10
Bangladesh

Michele

Scores at the first commercial break (after clue 15):

Michele Cindy Carl
$1,400 $100 $800

Scores at the end of the Jeopardy! Round:

Michele Cindy Carl
$2,700 $400 $1,400

Double Jeopardy! Round responses

NORWAY BACK WHEN
THE OSCARS
HOMECOMING
PEN NAMES
COMMUNICATION
CROSSWORD CLUES "T"
    $200 26
Sweden

Carl
    $200 6
Michael Caine

Carl
    $200 21
Jimmy Carter

Carl
    $200 1
Agatha Christie

Carl
    $200 16
Telephone

Michele
    $200 2
Throne

Carl
    $400 27
Vidkun Quisling

Carl
    $400 11
Kevin Spacey

Carl
    $400 22
Norman Rockwell

Cindy
    $400 4
Australia

Carl
    $400 17
Navajo

Michele
    $400 3
Trap

Cindy
    $100 28
(Carl: Who is King Midas?)

King Christian (Christiania)

Carl
    $600 12
"Blame Canada"

Carl
    $600 23
"Sunny Came Home"

Michele
    $600 5
Michael Crichton

Michele
    $600 18
Eyewitness

Triple Stumper
    $600 7
Tryst

Carl
    $800 29
Hanseatic League

Carl
    $800 13
Hilary Swank

Carl
    $800 24
(Carl: Who are the Apache?)

Cherokee

MicheleCarl
    $800 10
H.D.

Triple Stumper
    $800 19
Emergency Broadcast System

Michele
    $800 8
Tempest

Carl
    $1000 30
Queen Maud

Triple Stumper
    $1000 14
Angelina Jolie

Michele
    $1000 25
(with a minute to go...)

Norodom Sihanouk

Carl
    $1000 15
Saki

Michele
    $700 20
(M: What is pedantry?)

Semantics

Michele
    $1000 9
Turandot

Triple Stumper

Scores at the end of the Double Jeopardy! Round:

Michele Cindy Carl
$7,400 $1,200 $7,300

[wagering suggestions for these scores]

Final Jeopardy! Round responses

CONTEMPORARY AMERICANS
CindyWho McCain
$300
CarlWho is Kerrey
$7,300
MicheleWho is Kerrey?
$2,000
Warren Buffett

Final scores:

Michele Cindy Carl
$5,400 $900 $0
2-day champion: $16,200 2nd place: Trip to the Inn at Union Square, San Francisco 3rd place: Skagen Sapphire Collection Watches

Game dynamics:

Coryat scores:

Michele Cindy Carl
$9,100 $1,200 $7,400
23 R,
3 W
(including 2 DDs)
6 R,
1 W
20 R,
3 W
(including 1 DD)

Combined Coryat: $17,700

The J! Archive is created by fans, for fans. The Jeopardy! game show and all elements thereof, including but not limited to copyright and trademark thereto, are the property of Jeopardy Productions, Inc. and are protected under law. This website is not affiliated with, sponsored by, or operated by Jeopardy Productions, Inc. Join the discussion at JBoard.tv.